[Event "62.HEM 2008, Gruppe C"]
[Site "Hanau"]
[Date "2008.03.22"]
[Round "6.1"]
[White "Eg, Karlheinz"]
[Black "Will, Jens"]
[Result "1/2-1/2"]
[WhiteElo "2090"]
[BlackElo "1964"]
[PlyCount "30"]
[EventDate "2008.??.??"]

1. e4 d6 2. d4 Nf6 3. Nc3 g6 4. f4 Bg7 5. Nf3 O-O 6. Bc4 c6 7. e5 dxe5 8. fxe5
Nd5 9. O-O f6 10. exf6 exf6 11. Be3 Be6 12. Qd2 Re8 13. Rae1 Nxc3 14. Bxe6+
Rxe6 15. Qxc3 Qd5 1/2-1/2

[Event "62.HEM 2008, Gruppe C"]
[Site "Hanau"]
[Date "2008.03.22"]
[Round "6.2"]
[White "Hoehne, Volkmar"]
[Black "Schnegelsberg, Karl-Heinz"]
[Result "0-1"]
[WhiteElo "1917"]
[BlackElo "2044"]
[PlyCount "60"]
[EventDate "2008.??.??"]

1. Nf3 Nf6 2. d4 g6 3. g3 Bg7 4. Bg2 O-O 5. c4 d5 6. O-O dxc4 7. Ne5 Nc6 8.
Nxc6 bxc6 9. Bxc6 Bh3 10. Bg2 Bxg2 11. Kxg2 Rb8 12. Nc3 Qd7 13. e3 c5 14. dxc5
Qc6+ 15. Qf3 Qxc5 16. Rd1 a5 17. Bd2 h5 18. Be1 Ng4 19. Rab1 Ne5 20. Qd5 Qc7
21. Nb5 Qb6 22. Nd4 Rfd8 23. Qxa5 Qb7+ 24. Kf1 Ra8 25. Qc3 Qh1+ 26. Ke2 Qxh2
27. a3 Rac8 28. Rd2 Qg2 29. Kd1 Nf3 30. Re2 e5 0-1

[Event "62.HEM 2008, Gruppe C"]
[Site "Hanau"]
[Date "2008.03.22"]
[Round "6.3"]
[White "Rack, Matthias"]
[Black "Iwanziw, Niklas"]
[Result "1-0"]
[WhiteElo "2051"]
[BlackElo "1820"]
[PlyCount "85"]
[EventDate "2008.??.??"]

1. Nf3 Nf6 2. g3 c5 3. d3 Nc6 4. Bg2 e5 5. e4 d5 6. Nbd2 Be7 7. O-O O-O 8. b3
d4 9. a4 Ne8 10. Nc4 Bf6 11. Nfd2 Rb8 12. f4 b6 13. Nf3 Qc7 14. fxe5 Be7 15.
Bf4 Be6 16. Na3 Qd7 17. Qe2 Rb7 18. h4 Bg4 19. Qf2 Bd8 20. Nb5 Be7 21. Na3 a6
22. Nc4 b5 23. axb5 axb5 24. Na5 Nxa5 25. Rxa5 Bd8 26. Ra6 Qe7 27. Kh2 Bc7 28.
Rfa1 Bxf3 29. Qxf3 Bxe5 30. Bxe5 Qxe5 31. Qf4 f6 32. Rc6 Rc7 33. Rb6 b4 34. Ra8
Kf7 35. Bh3 Qxf4 36. gxf4 g6 37. Be6+ Ke7 38. Bd5 h6 39. Kg3 g5 40. hxg5 hxg5
41. fxg5 fxg5 42. Rg6 Rd7 43. Re6+ 1-0

[Event "62.HEM 2008, Gruppe C"]
[Site "Hanau"]
[Date "2008.03.22"]
[Round "6.4"]
[White "Beck, Manfred"]
[Black "Gutacker, Stephan"]
[Result "1/2-1/2"]
[WhiteElo "1895"]
[BlackElo "1985"]
[PlyCount "39"]
[EventDate "2008.??.??"]

1. c4 Nf6 2. Nc3 b6 3. e4 e5 4. Nf3 d6 5. d3 Bb7 6. g3 Be7 7. Bg2 Nc6 8. Nd5
O-O 9. O-O Nxd5 10. cxd5 Nb8 11. Nd2 c6 12. dxc6 Nxc6 13. Nc4 Rc8 14. b3 b5 15.
Ne3 Bg5 16. Nf5 Bxc1 17. Rxc1 Ne7 18. Rxc8 Bxc8 19. Nxe7+ Qxe7 20. Qd2 1/2-1/2

[Event "62.HEM 2008, Gruppe C"]
[Site "Hanau"]
[Date "2008.03.22"]
[Round "6.5"]
[White "Larem, Peter"]
[Black "Schoesser, Manfred"]
[Result "1/2-1/2"]
[WhiteElo "1951"]
[BlackElo "1772"]
[PlyCount "24"]
[EventDate "2008.??.??"]

1. e4 e5 2. d4 exd4 3. c3 Qe7 4. cxd4 Qxe4+ 5. Be3 Bb4+ 6. Nc3 Nf6 7. Nf3 Nd5
8. Qd2 Bxc3 9. bxc3 Nxe3 10. fxe3 d5 11. Bd3 Qe7 12. O-O O-O 1/2-1/2

[Event "62.HEM 2008, Gruppe C"]
[Site "Hanau"]
[Date "2008.03.22"]
[Round "6.6"]
[White "Storkebaum, Ulrike"]
[Black "Scholz, Uwe"]
[Result "0-1"]
[WhiteElo "1951"]
[BlackElo "2072"]
[PlyCount "76"]
[EventDate "2008.??.??"]

1. e4 c5 2. Nf3 Nc6 3. d4 cxd4 4. Nxd4 Nf6 5. Nc3 d6 6. Be2 a6 7. Be3 Bd7 8.
O-O Rc8 9. f3 g6 10. Qd2 Bg7 11. Kh1 O-O 12. Rad1 Re8 13. g4 Qa5 14. Nb3 Qc7
15. g5 Nh5 16. Nd5 Qb8 17. Nb6 Rcd8 18. Nxd7 Rxd7 19. c4 e5 20. a3 Red8 21. f4
Nxf4 22. Bxf4 exf4 23. Rxf4 Be5 24. Rf2 Re7 25. Bg4 Rde8 26. Qd5 Qc7 27. h4 Bg3
28. Rf3 Bxh4 29. Rdf1 Ne5 30. Nd2 Bxg5 31. Rg3 Bxd2 32. Qxd2 Nxg4 33. Rxg4 Qxc4
34. Rc1 Qb5 35. Qh6 Qxb2 36. Rf1 Qe2 37. Rfg1 Qf3+ 38. R4g2 Rxe4 {ZÜ} 0-1

[Event "62.HEM 2008, Gruppe C"]
[Site "Hanau"]
[Date "2008.03.22"]
[Round "6.7"]
[White "Fischer, Arthur"]
[Black "Geringer, Waldemar"]
[Result "0-1"]
[WhiteElo "2013"]
[BlackElo "1891"]
[PlyCount "40"]
[EventDate "2008.??.??"]

1. e4 c5 2. c3 d5 3. exd5 Qxd5 4. Nf3 Nf6 5. d4 Bg4 6. Be2 e6 7. O-O Nc6 8. h3
Bh5 9. Be3 cxd4 10. cxd4 Be7 11. Nc3 Qd6 12. Qd2 O-O 13. Rfd1 Nb4 14. Bf4 Qd8
15. Rac1 a6 16. Ne5 Bxe2 17. Qxe2 Nbd5 18. Nxd5 Nxd5 19. Qe4 Nxf4 20. Qxf4 Bg5
0-1

[Event "62.HEM 2008, Gruppe C"]
[Site "Hanau"]
[Date "2008.03.22"]
[Round "6.8"]
[White "Schmitt, Carsten"]
[Black "Radtke, Thoralf"]
[Result "1-0"]
[WhiteElo "1821"]
[BlackElo "2005"]
[PlyCount "65"]
[EventDate "2008.??.??"]

1. e4 e6 2. b3 d5 3. Bb2 dxe4 4. Nc3 Nf6 5. g4 h6 6. Bg2 Be7 7. Qe2 Nc6 8. h3
Nd4 9. Qd1 Bc5 10. Nge2 Nf3+ 11. Bxf3 exf3 12. Ng3 Bd7 13. Nge4 Qe7 14. Qxf3
Nxe4 15. Nxe4 Bc6 16. O-O-O f6 17. Rhe1 O-O-O 18. Qe2 Bb6 19. f4 Bd4 20. c3 Bb6
21. d4 e5 22. Ng3 Rhe8 23. fxe5 fxe5 24. dxe5 Rxd1+ 25. Kxd1 Qf8 26. Rf1 Qe7
27. c4 Rd8+ 28. Kc1 Qg5+ 29. Kb1 Rd2 30. Rf8+ Kd7 31. e6+ Ke7 32. Rf7+ Ke8 33.
Ba3 1-0

[Event "62.HEM 2008, Gruppe C"]
[Site "Hanau"]
[Date "2008.03.22"]
[Round "6.9"]
[White "Genis, Roy"]
[Black "Froehlich-Dill, Astrid"]
[Result "1/2-1/2"]
[WhiteElo "1917"]
[BlackElo "1991"]
[PlyCount "70"]
[EventDate "2008.??.??"]

1. e4 c5 2. c3 Nc6 3. d4 cxd4 4. cxd4 d5 5. exd5 Qxd5 6. Nf3 e6 7. Nc3 Bb4 8.
Bd2 Qd8 9. a3 Ba5 10. b4 Bb6 11. Be3 Nf6 12. Bb5 O-O 13. Bxc6 bxc6 14. O-O a5
15. Qb3 Ba6 16. Rfc1 axb4 17. axb4 Nd5 18. Na4 Bb5 19. Nc5 Qe7 20. Ra3 Rxa3 21.
Qxa3 f6 22. Rd1 Re8 23. h3 Qa7 24. Qxa7 Bxa7 25. Bd2 Kf7 26. Ra1 Bb6 27. Kh2
Re7 28. Nh4 g6 29. f4 Ra7 30. Rxa7+ Bxa7 31. Nf3 Bb8 32. g3 Bd6 33. Kg2 Nb6 34.
Kf2 Nc4 35. Bc1 Nb6 1/2-1/2

[Event "62.HEM 2008, Gruppe C"]
[Site "Hanau"]
[Date "2008.03.22"]
[Round "6.12"]
[White "Enders, Georg"]
[Black "Juhnke, Peter"]
[Result "0-1"]
[WhiteElo "2042"]
[BlackElo "1917"]
[PlyCount "125"]
[EventDate "2008.??.??"]

1. e4 e6 2. d4 d5 3. Nd2 Nf6 4. e5 Nfd7 5. Bd3 c5 6. c3 Nc6 7. Ne2 Be7 8. O-O
f5 9. Nf4 Nf8 10. Nf3 Qb6 11. b3 cxd4 12. cxd4 Bd7 13. Bb2 Ng6 14. Ne2 Nb4 15.
Bb1 Bb5 16. Re1 Bxe2 17. Rxe2 Nf4 18. Rd2 g5 19. a3 Nc6 20. Ne1 h5 21. Nd3 Nxd3
22. Bxd3 g4 23. Be2 Kf7 24. Rd3 Rac8 25. Rc1 Bg5 26. Rc2 Rcg8 27. Bc1 f4 28.
Kh1 Ne7 29. Rdc3 Nf5 30. Rc7+ Kg6 31. Bd3 Qxb3 32. Qd2 Qb6 33. g3 Rg7 34. Bxf5+
exf5 35. Rxg7+ Kxg7 36. gxf4 Be7 37. Qc3 Qb5 38. Qe1 Bd8 39. e6 Bf6 40. Bb2 Qb6
41. e7 Re8 42. Re2 Kf7 43. Bc3 Rxe7 44. Rxe7+ Bxe7 45. Kg2 h4 46. h3 gxh3+ 47.
Kxh3 Bf6 48. Qh1 Qb3 49. Qf3 Ke6 50. Qe3+ Kd7 51. Qd3 Kc6 52. Kh2 Qxa3 53. Qe3
Qe7 54. Qd2 b6 55. Bb4 Qd7 56. Qd3 Kb7 57. Bc3 Be7 58. Qf3 a5 59. Qd3 a4 60.
Qb1 b5 61. Ba5 Bd6 62. Qc1 Bc7 63. Bb4 0-1

[Event "62.HEM 2008, Gruppe C"]
[Site "Hanau"]
[Date "2008.03.22"]
[Round "6.13"]
[White "Ritscher, Georg"]
[Black "Guenzler, Richard"]
[Result "0-1"]
[WhiteElo "1993"]
[BlackElo "1851"]
[PlyCount "44"]
[EventDate "2008.??.??"]

1. e4 c5 2. Nf3 e6 3. g3 Nc6 4. Bg2 Nf6 5. d3 d5 6. exd5 Nxd5 7. O-O Be7 8. Bd2
Bf6 9. Nc3 O-O 10. Nxd5 exd5 11. Bc3 d4 12. Bd2 Bg4 13. Qc1 Re8 14. h3 Be6 15.
Bg5 Bd5 16. Qf4 Re6 17. Rfe1 Bxf3 18. Rxe6 Bxg5 19. Qd6 Bxg2 20. Rae1 fxe6 21.
Qxe6+ Kh8 22. Kxg2 Bf6 0-1

[Event "62.HEM 2008, Gruppe C"]
[Site "Hanau"]
[Date "2008.03.22"]
[Round "6.14"]
[White "Bosse, Volkmar"]
[Black "Neumann, Uwe"]
[Result "1-0"]
[WhiteElo "1968"]
[BlackElo "1716"]
[PlyCount "45"]
[EventDate "2008.??.??"]

1. e4 e6 2. d4 d5 3. Nc3 dxe4 4. Nxe4 Nd7 5. g3 Ngf6 6. Nxf6+ Nxf6 7. Bg2 c5 8.
Ne2 cxd4 9. Qxd4 Qc7 10. Bf4 Qa5+ 11. Bd2 Qc5 12. O-O e5 13. Qxc5 Bxc5 14. Bc3
Bd6 15. Rad1 Bc7 16. Bb4 e4 17. Nc3 Bg4 18. f3 Bb6+ 19. Kh1 exf3 20. Rfe1+ Be6
21. Bxf3 Rd8 22. Bxb7 Ng4 23. Bc6+ 1-0

[Event "62.HEM 2008, Gruppe C"]
[Site "Hanau"]
[Date "2008.03.22"]
[Round "6.15"]
[White "Overbeck, Christopher"]
[Black "Ostermeier, Thorsten"]
[Result "1/2-1/2"]
[WhiteElo "1816"]
[BlackElo "1949"]
[PlyCount "37"]
[EventDate "2008.??.??"]

1. e4 c5 2. Nf3 a6 3. Nc3 Nc6 4. d4 cxd4 5. Nxd4 e5 6. Nf5 d6 7. Be3 g6 8. Ng3
b5 9. Be2 Bg7 10. Bg4 Nf6 11. Bxc8 Rxc8 12. O-O O-O 13. f3 Ne7 14. Bg5 Qb6+ 15.
Kh1 Qc6 16. Rf2 d5 17. Bxf6 Bxf6 18. Nxd5 Nxd5 19. exd5 1/2-1/2

[Event "62.HEM 2008, Gruppe C"]
[Site "Hanau"]
[Date "2008.03.22"]
[Round "6.16"]
[White "Powalla, Klaus"]
[Black "Egenolf, Dirk"]
[Result "0-1"]
[WhiteElo "1931"]
[BlackElo "1799"]
[PlyCount "62"]
[EventDate "2008.??.??"]

1. Nf3 g6 2. d4 Bg7 3. b3 Nf6 4. Bb2 O-O 5. e3 d6 6. c4 Bf5 7. Bd3 Bxd3 8. Qxd3
Nbd7 9. O-O Re8 10. d5 e5 11. e4 Nc5 12. Qe2 Nfxe4 13. b4 Na4 14. Qxe4 Nxb2 15.
Nc3 f5 16. Qc2 Nxc4 17. Nb5 a6 18. Qxc4 axb5 19. Qxb5 e4 20. Rac1 exf3 21. Qxb7
fxg2 22. Rfd1 Qb8 23. Rxc7 Qxb7 24. Rxb7 Rxa2 25. Kxg2 Ree2 26. Rc1 Rxf2+ 27.
Kg1 Rac2 28. Rb8+ Kf7 29. Rxc2 Rxc2 30. b5 Rb2 31. Kf1 Bd4 0-1

[Event "62.HEM 2008, Gruppe C"]
[Site "Hanau"]
[Date "2008.03.22"]
[Round "6.17"]
[White "Rompel, Michael"]
[Black "Foerster, Rudi"]
[Result "1-0"]
[WhiteElo "1981"]
[BlackElo "1914"]
[PlyCount "147"]
[EventDate "2008.??.??"]

1. d4 d5 2. c3 Nc6 3. f4 e6 4. Nf3 Bd6 5. e3 Nge7 6. Bd3 Ng6 7. O-O Bd7 8. Nbd2
O-O 9. Ne5 Ncxe5 10. fxe5 Be7 11. Qg4 Qe8 12. e4 Bb5 13. Rf3 Bxd3 14. Rxd3 Bh4
15. Rh3 f5 16. exf6 Rxf6 17. Nf3 Qb5 18. Rxh4 Nxh4 19. Qxh4 Qe2 20. Qe1 Qxe1+
21. Nxe1 Raf8 22. Nf3 dxe4 23. Bg5 Rg6 24. Nd2 Rxg5 25. Nxe4 Rb5 26. b3 b6 27.
Re1 Kf7 28. Re2 Rf5 29. h4 h6 30. Nd2 Ke7 31. c4 c6 32. Nf3 Kd6 33. Rd2 Kc7 34.
Re2 R8f6 35. Kf2 Kd6 36. Ke3 c5 37. dxc5+ Kxc5 38. a3 e5 39. Rd2 Rd6 40. b4+
Kc6 41. Rc2 Re6 42. Rd2 Rd6 43. Rc2 Rd1 44. Ke4 Rf4+ 45. Kxe5 Rf6 46. c5 Rd3
47. Nd4+ Kb7 48. c6+ Kc8 49. Nb5 a6 50. Nd4 Rxa3 51. Nf5 Rxf5+ 52. Kxf5 Rb3 53.
Rc4 Rg3 54. Rc2 h5 55. c7 Rg4 56. Rc6 Rxb4 57. Kg5 Rb5+ 58. Kg6 a5 59. Rc3 Rc5
60. Rb3 Kxc7 61. Kxg7 b5 62. Kg6 a4 63. Rb1 a3 64. g4 hxg4 65. h5 a2 66. Ra1
Rc2 67. h6 b4 68. h7 Rh2 69. Rxa2 Rh3 70. Kg7 b3 71. Rb2 g3 72. h8=Q Rxh8 73.
Kxh8 Kd6 74. Rxb3 1-0

[Event "62.HEM 2008, Gruppe C"]
[Site "Hanau"]
[Date "2008.03.22"]
[Round "6.19"]
[White "Meier, Lars"]
[Black "Gertz, Berthold"]
[Result "0-1"]
[WhiteElo "1864"]
[BlackElo "1949"]
[PlyCount "32"]
[EventDate "2008.??.??"]

1. e4 c5 2. c3 Nf6 3. e5 Nd5 4. d4 cxd4 5. cxd4 d6 6. f4 Nc6 7. Nf3 Bf5 8. Nc3
Ndb4 9. Nh4 Nc2+ 10. Kf2 Nxa1 11. Nxf5 dxe5 12. fxe5 e6 13. Nd6+ Bxd6 14. exd6
Qf6+ 15. Ke3 O-O 16. Ne4 Qxd4+ 0-1

[Event "62.HEM 2008, Gruppe C"]
[Site "Hanau"]
[Date "2008.03.22"]
[Round "6.20"]
[White "Ewin, Hans-Peter"]
[Black "Weber, Andreas"]
[Result "1-0"]
[WhiteElo "1920"]
[BlackElo "1813"]
[PlyCount "68"]
[EventDate "2008.??.??"]

1. e4 e5 2. f4 d5 3. exd5 Bc5 4. Qe2 Bxg1 5. Rxg1 Ne7 6. fxe5 O-O 7. Nc3 Re8 8.
d4 Nxd5 9. Nxd5 Qxd5 10. Be3 Bf5 11. g4 Be6 12. Bg2 Qa5+ 13. Qd2 Qxd2+ 14. Kxd2
c6 15. h3 Nd7 16. b3 f6 17. exf6 Nxf6 18. c4 Rad8 19. Rge1 h6 20. Kc3 Rc8 21.
Kb2 b5 22. Rac1 bxc4 23. bxc4 Rb8+ 24. Kc3 Bd7 25. Bf4 Rxe1 26. Rxe1 Rb6 27.
Bd6 Ra6 28. a3 g5 29. Re7 c5 30. Bxc5 Nxg4 31. Rxd7 Ne3 32. Bd5+ Kh8 33. Rd8+
Kg7 34. Bf8+ Kf6 1-0

[Event "62.HEM 2008, Gruppe C"]
[Site "Hanau"]
[Date "2008.03.22"]
[Round "6.21"]
[White "Becker, Jonas"]
[Black "Haftmann, Rainer"]
[Result "0-1"]
[WhiteElo "1922"]
[BlackElo "1859"]
[PlyCount "110"]
[EventDate "2008.??.??"]

1. d4 Nf6 2. c4 e6 3. Nc3 d5 4. e3 c6 5. Nf3 Nbd7 6. Be2 Bd6 7. O-O O-O 8. Rb1
dxc4 9. Bxc4 e5 10. Qb3 exd4 11. exd4 Nb6 12. Bg5 Nxc4 13. Qxc4 Be6 14. d5 cxd5
15. Qd4 Be7 16. Rfd1 h6 17. Bh4 a6 18. Qd3 Rc8 19. Nd4 Qd7 20. f4 Bc5 21. Bxf6
gxf6 22. Kh1 Bxd4 23. Qxd4 Bf5 24. Nxd5 Kg7 25. Qxf6+ Kh7 26. Ne3 Bd3 27. f5
Rc6 28. Qh4 Rd6 29. Ra1 Rg8 30. h3 Qc6 31. Ng4 Qe4 32. f6 Qg6 33. Rd2 h5 34.
Rad1 Rd4 35. Rxd3 Rxd3 36. Rxd3 Qg5 37. Qxg5 Rxg5 38. Nf2 Kg6 39. Rd7 Rb5 40.
Nd3 Kxf6 41. Kg1 a5 42. Rc7 Rd5 43. Nf4 Rd1+ 44. Kf2 Rd2+ 45. Ke3 Rxb2 46.
Nxh5+ Kg6 47. Nf4+ Kg7 48. g4 b5 49. Ke4 Rxa2 50. Kf5 b4 51. Ne6+ Kg8 52. Rc8+
Kh7 53. Rc7 Kg8 54. Nd8 b3 55. Rxf7 Rf2+ 0-1

[Event "62.HEM 2008, Gruppe C"]
[Site "Hanau"]
[Date "2008.03.22"]
[Round "6.22"]
[White "Smits, Oswald"]
[Black "Draxler, Gottfried"]
[Result "1/2-1/2"]
[WhiteElo "1921"]
[BlackElo "1846"]
[PlyCount "137"]
[EventDate "2008.??.??"]

1. d4 d5 2. Nf3 Nf6 3. e3 e6 4. Bd3 c5 5. c3 Nc6 6. Nbd2 Be7 7. O-O O-O 8. Qe2
b6 9. dxc5 Bxc5 10. e4 Bb7 11. e5 Nd7 12. Nb3 Be7 13. Re1 Re8 14. Bf4 f5 15.
exf6 Bxf6 16. Qc2 Nf8 17. Bg3 Rc8 18. Qe2 Re7 19. Rad1 Kh8 20. Bb1 Qd7 21. Ne5
Nxe5 22. Bxe5 Bxe5 23. Qxe5 Qc7 24. Qxc7 Rcxc7 25. Nd4 a6 26. Nf3 g6 27. Ne5
Kg7 28. Rd4 Nd7 29. Nxd7 Rcxd7 30. Re5 Kf6 31. f4 Rg7 32. Re1 Rc7 33. Rd3 Rc6
34. Rde3 Rgc7 35. g4 Bc8 36. g5+ Kf7 37. h4 Rc4 38. Rf3 b5 39. Bd3 R4c5 40. h5
Kg7 41. hxg6 hxg6 42. Re5 Bd7 43. Rh3 R5c6 44. Rh6 Be8 45. Re3 Bf7 46. Reh3 Rc8
47. Rh7+ Kf8 48. R3h6 e5 49. Rh8+ Ke7 50. Rxc8 Rxc8 51. fxe5 Rg8 52. a4 Be8 53.
axb5 axb5 54. Rh2 Ke6 55. Re2 Rh8 56. Kf2 Rh5 57. Kg3 Rxg5+ 58. Kf4 Rg1 59. Re3
g5+ 60. Kf3 Bc6 61. Kf2 Rg4 62. Ke2 Rg2+ 63. Kd1 g4 64. Re2 Rg1+ 65. Kd2 Rg3
66. Bg6 Rg1 67. Re1 Rg2+ 68. Re2 Rxe2+ 69. Kxe2 1/2-1/2

[Event "62.HEM 2008, Gruppe C"]
[Site "Hanau"]
[Date "2008.03.22"]
[Round "6.23"]
[White "Rausch, Wolfgang"]
[Black "Reichel, Rolf"]
[Result "1-0"]
[WhiteElo "1800"]
[BlackElo "1748"]
[PlyCount "127"]
[EventDate "2008.??.??"]

1. c4 d5 2. cxd5 Qxd5 3. Nc3 Qd8 4. Nf3 Nc6 5. d4 e6 6. e4 Nf6 7. Bb5 Bd7 8.
O-O Be7 9. e5 Nd5 10. a3 Nxc3 11. bxc3 Nxe5 12. Nxe5 Bxb5 13. c4 Bd7 14. Qf3
O-O 15. Qxb7 f6 16. Nxd7 Qxd7 17. Be3 Rfb8 18. Qa6 Rb6 19. Qa5 Rb7 20. Rab1
Rab8 21. Rxb7 Rxb7 22. Rd1 c6 23. g3 Rb3 24. Bc1 Qb7 25. a4 Rb1 26. Rf1 Qb6 27.
Qh5 g6 28. Qe2 Kf7 29. Re1 c5 30. d5 e5 31. Be3 Rxe1+ 32. Qxe1 Qa6 33. Qc3 Qxa4
34. Kg2 Qa2 35. d6 Bxd6 36. Qd3 Ke7 37. Qd5 Qa6 38. Bxc5 Bxc5 39. Qxc5+ Kd7 40.
Qd5+ Qd6 41. Qf7+ Qe7 42. Qd5+ Kc7 43. f3 f5 44. Qa5+ Kc8 45. Qa6+ Kd8 46. Qa5+
Ke8 47. c5 e4 48. fxe4 Qxe4+ 49. Kh3 Qg4+ 50. Kg2 Qe2+ 51. Kh3 Qf1+ 52. Kh4 h6
53. Qa4+ Kf8 54. Qd4 g5+ 55. Kh5 Qe2+ 56. Kxh6 Qxh2+ 57. Kg6 Qe2 58. Qh8+ Ke7
59. Qg7+ Kd8 60. Qxa7 f4 61. Qb8+ Kd7 62. Qd6+ Ke8 63. c6 Qe4+ 64. Kf6 1-0

[Event "62.HEM 2008, Gruppe C"]
[Site "Hanau"]
[Date "2008.03.22"]
[Round "6.24"]
[White "Zimmerer, David"]
[Black "Wiest, Kurt"]
[Result "0-1"]
[WhiteElo "1808"]
[BlackElo "1792"]
[PlyCount "102"]
[EventDate "2008.??.??"]

1. e4 e5 2. Nf3 Nc6 3. Bb5 Bc5 4. O-O Nge7 5. c3 Bb6 6. Re1 O-O 7. d4 exd4 8.
cxd4 d5 9. e5 Bg4 10. Bxc6 Nxc6 11. Be3 Bxf3 12. Qxf3 Bxd4 13. Bxd4 Nxd4 14.
Qd3 Ne6 15. Nc3 c6 16. Rad1 Re8 17. Ne2 Qg5 18. Qg3 Re7 19. f4 Qxg3 20. hxg3
Rae8 21. Kf1 Nc5 22. Nc3 Nd7 23. b3 Re6 24. Ne4 Rd8 25. Nd6 b6 26. Nf5 Nb8 27.
Nd6 f6 28. Nc4 Nd7 29. f5 Re7 30. e6 dxc4 31. exd7 Rexd7 32. Rxd7 Rxd7 33. bxc4
Kf7 34. Re6 c5 35. Re4 g6 36. g4 Rd6 37. Ke2 a6 38. a4 Rd7 39. g3 g5 40. Ke3
Re7 41. Kf3 Rxe4 42. Kxe4 Ke7 43. Kd5 Kd7 44. a5 bxa5 45. Kxc5 Kc7 46. Kd5 a4
47. Kd4 Kc6 48. Kd3 Kc5 49. Kc3 a3 50. Kb3 a2 51. Kxa2 Kxc4 0-1

[Event "62.HEM 2008, Gruppe C"]
[Site "Hanau"]
[Date "2008.03.22"]
[Round "6.25"]
[White "Johne, Siegfried"]
[Black "Warnk, Torsten"]
[Result "1-0"]
[WhiteElo "2023"]
[BlackElo "2063"]
[PlyCount "111"]
[EventDate "2008.??.??"]

1. e4 e6 2. d4 d5 3. Nc3 Bb4 4. e5 c5 5. Qg4 g6 6. Nf3 cxd4 7. Nxd4 Bxc3+ 8.
bxc3 a6 9. Be2 Qc7 10. Qg3 Nd7 11. f4 Ne7 12. Ba3 Nc5 13. Bxc5 Qxc5 14. a4 O-O
15. Kd2 Bd7 16. h4 Nc6 17. Nxc6 Bxc6 18. h5 Qe7 19. Bd3 Rad8 20. Rh4 d4 21. c4
Qb4+ 22. Ke2 Qc3 23. Rah1 Be4 24. hxg6 Bxd3+ 25. Qxd3 f6 26. Rxh7 fxe5 27. fxe5
Qxd3+ 28. cxd3 Rb8 29. R1h4 b5 30. axb5 axb5 31. Rxd4 bxc4 32. Rdd7 cxd3+ 33.
Kxd3 Rf2 34. Rdg7+ Kf8 35. Rf7+ Rxf7 36. Rxf7+ Kg8 37. Rf6 Rb2 38. Rxe6 Rxg2
39. Rf6 Kg7 40. Ke4 Re2+ 41. Kd5 Rd2+ 42. Ke6 Re2 43. Kd6 Rd2+ 44. Ke7 Re2 45.
Re6 Rd2 46. Rd6 Re2 47. e6 Kxg6 48. Kd7 Kg7 49. Rd4 Kf8 50. Rf4+ Kg7 51. e7
Rd2+ 52. Ke8 Rg2 53. Rf7+ Kg8 54. Rf8+ Kg7 55. Kd7 Rd2+ 56. Kc6 1-0